000 00187nam a2200073Ia 4500
008 170524s9999 xx 000 0 und d
100 _aHONDA- RP
245 0 _aSTATISTICS FOR BUSINESS & ECONOMICS
260 _bDELHI : ANMOL
999 _c8407
_d8407